| 000 | 01385nam a22003491a 4500 | ||
|---|---|---|---|
| 001 | 647276 | ||
| 005 | 20160122020002.0 | ||
| 008 | 931130s1993 enka b 001 0 eng | ||
| 010 | _a93236748 | ||
| 020 | _a019262279X | ||
| 020 | _a019262279X | ||
| 040 |
_aDLC _cDLC _dDLC |
||
| 043 | _ad------ | ||
| 050 | 0 | 0 |
_aQP 141.K56 1993 _bQP 141.K56 1993 |
| 082 | 0 | 0 |
_a641.1/09172/4 _220 |
| 100 | 2 |
_aSavage King, F. _d1939- _q(Felicity), |
|
| 245 | 1 | 0 |
_aNutrition for developing countries / _cFelicity Savage King and Ann Burgess. _h[Text] |
| 250 | _a2nd ed. | ||
| 260 |
_aOxford _aOxford _bOxford University Press _c1993 |
||
| 300 |
_axv, 461 p. : _bill. ; _c26 cm. |
||
| 504 | _ahttp://www.loc.gov/catdir/enhancements/fy0635/93236748-t.htmlhttp://www.loc.- gov/catdir/enhancements/fy0639/93236748-d.html Includes bibliographical references and index. http://www.loc.gov/catdir/enhancements/fy0635/93236748-t.htmlhttp://www.loc.- gov/catdir/enhancements/fy0639/93236748-d.html | ||
| 650 | 0 | _aNutrition. | |
| 650 | 0 |
_aNutrition _zDeveloping countries. |
|
| 700 | 1 | _aBurgess, Ann. | |
| 856 | 4 | 2 | _3Publisher description |
| 856 | 4 | 1 | _3Table of contents only |
| 906 |
_a7 _bcbc _corignew _d2 _encip _f19 _gy-gencatlg |
||
| 922 | _aad | ||
| 991 |
_bc-GenColl _hQP141 _i.S335 1993 _p00055313726 _tCopy 1 _wBOOKS |
||
| 942 | 0 | 0 | _02 |
| 999 |
_c39253 _d39253 |
||